[Event "WchT Seniors 65"]
[Site "Prague"]
[Date "2020.03.12"]
[Round "7.2"]
[White "Brock, Friedemann"]
[Black "Hardicsay, Peter"]
[Result "1-0"]
[WhiteElo "2230"]
[BlackElo "2203"]
[PlyCount "53"]
[EventDate "2020.03.06"]
[EventType "team-swiss"]
[EventRounds "7"]
[EventCountry "CZE"]
[SourceTitle "CBM 195 Extra"]
[Source "ChessBase"]
[SourceDate "2020.05.31"]
[SourceVersion "1"]
[SourceVersionDate "2020.05.31"]
[SourceQuality "1"]
[WhiteTeam "Germany 65 IV"]
[BlackTeam "Hungary 65"]
[WhiteTeamCountry "GER"]
[BlackTeamCountry "HUN"]

1. d4 d5 2. c4 e6 3. Nc3 c6 4. Nf3 dxc4 5. a4 c5 6. e4 Nc6 7. Be3 Nf6 8. Bxc4 Ng4 9. d5 Nxe3 10. fxe3 exd5 11. exd5 Nb4 12. 0-0 Bd6 13. e4 0-0 14. e5 Be7 15. Qd2 Bg4 16. d6 Bxf3 17. Rxf3 Nc6 18. Rxf7 Rxf7 19. Bxf7+ Kh8 20. Qd5 Nxe5 21. Qxe5 Bxd6 22. Qh5 Qe7 23. Nd5 Qe4 24. Rd1 Rf8 25. Nc3 Qe3+ 26. Kh1 Be5 27. Nd5 1-0

[Event "WchT Seniors 65"]
[Site "Prague"]
[Date "2020.03.07"]
[Round "2.5"]
[White "Gibson, John F"]
[Black "Brock, Friedemann"]
[Result "0-1"]
[WhiteElo "1830"]
[BlackElo "2230"]
[PlyCount "54"]
[EventDate "2020.03.06"]
[EventType "team-swiss"]
[EventRounds "7"]
[EventCountry "CZE"]
[SourceTitle "CBM 195 Extra"]
[Source "ChessBase"]
[SourceDate "2020.05.31"]
[SourceVersion "1"]
[SourceVersionDate "2020.05.31"]
[SourceQuality "1"]
[WhiteTeam "Ireland 65"]
[BlackTeam "Germany 65 IV"]
[WhiteTeamCountry "IRL"]
[BlackTeamCountry "GER"]

1. c4 e5 2. Nc3 Nf6 3. g3 Bb4 4. Bg2 0-0 5. e4 Bxc3 6. bxc3 c6 7. Ne2 d5 8. cxd5 cxd5 9. exd5 Nxd5 10. Qb3 Nb6 11. 0-0 Nc6 12. a4 Be6 13. Qc2 Rc8 14. Ba3 Re8 15. f4 Bc4 16. Rf2 Bxe2 17. Be4 Bh5 18. a5 Nd5 19. f5 Nxa5 20. h3 f6 21. Rb1 Bf7 22. Qa4 b6 23. g4 Nc4 24. Bc1 Nf4 25. Kh2 Nd3 26. Rg2 Nc5 27. Bc6 Nxa4 0-1

[Event "Beirut op 4th"]
[Site "Beirut"]
[Date "2011.05.21"]
[Round "8"]
[White "Eid, Fadi"]
[Black "Brock, Friedemann"]
[Result "1-0"]
[WhiteElo "2378"]
[BlackElo "2241"]
[PlyCount "101"]
[EventDate "2011.05.14"]
[EventType "swiss"]
[EventRounds "9"]
[EventCountry "LBN"]
[SourceTitle "CBM 142 Extra"]
[Source "ChessBase"]
[SourceDate "2011.06.27"]
[SourceVersion "1"]
[SourceVersionDate "2011.06.27"]
[SourceQuality "1"]

1. e4 c5 2. Nf3 Nc6 3. d4 cxd4 4. Nxd4 e6 5. Nc3 Qc7 6. Be3 a6 7. a3 b5 8. Nxc6 dxc6 9. Be2 Bb7 10. 0-0 Bd6 11. h3 e5 12. Nb1 Nf6 13. Nd2 0-0 14. c4 Rad8 15. Qc2 Qe7 16. c5 Bb8 17. a4 Bc8 18. axb5 axb5 19. Ra3 Be6 20. Rfa1 Rd7 21. Ra6 Ra7 22. Nf1 Rxa6 23. Rxa6 Qb7 24. Ra1 Bc7 25. Bg5 Bd8 26. Ng3 h6 27. Bd2 Be7 28. Ba5 Nd7 29. b4 Ra8 30. Qb2 g6 31. Nf1 h5 32. Nd2 Bf6 33. Bd1 Bd8 34. Bxd8 Rxd8 35. Nf3 Qc7 36. Bc2 f6 37. Ra3 Nf8 38. Qa1 Rd7 39. Ra8 g5 40. Qa6 Re7 41. Nd2 Kg7 42. Nf1 Ng6 43. Ne3 Nf4 44. Bd1 Rd7 45. Bf3 Rf7 46. Nf5+ Bxf5 47. exf5 Nd5 48. Bxd5 cxd5 49. Qxb5 Rd7 50. Qe2 Qb7 51. Re8 1-0

[Event "Beirut op 4th"]
[Site "Beirut"]
[Date "2011.05.16"]
[Round "4"]
[White "Brock, Friedemann"]
[Black "Adeimi, Michel"]
[Result "1-0"]
[WhiteElo "2241"]
[BlackElo "1895"]
[PlyCount "55"]
[EventDate "2011.05.14"]
[EventType "swiss"]
[EventRounds "9"]
[EventCountry "LBN"]
[SourceTitle "CBM 142 Extra"]
[Source "ChessBase"]
[SourceDate "2011.06.27"]
[SourceVersion "1"]
[SourceVersionDate "2011.06.27"]
[SourceQuality "1"]

1. d4 e6 2. c4 c5 3. d5 Nf6 4. Nc3 exd5 5. cxd5 Bd6 6. e4 Be5 7. Bd3 0-0 8. Nge2 d6 9. 0-0 Ng4 10. f4 c4 11. fxe5 Qb6+ 12. Kh1 cxd3 13. Qxd3 Nf2+ 14. Rxf2 Qxf2 15. Be3 Qh4 16. exd6 f5 17. e5 Nd7 18. Bd4 f4 19. Rf1 f3 20. gxf3 Nb6 21. e6 Nxd5 22. Nxd5 Bxe6 23. Nc7 Bf5 24. Qc4+ Kh8 25. Bxg7+ Kxg7 26. Qxh4 Rad8 27. Qe7+ Kh6 28. Rg1 1-0

[Event "Beirut op 3rd"]
[Site "Beirut"]
[Date "2009.10.18"]
[Round "3"]
[White "Al Huwar, Jasem"]
[Black "Brock, Friedemann"]
[Result "1-0"]
[WhiteElo "2317"]
[BlackElo "2256"]
[PlyCount "73"]
[EventDate "2009.10.17"]
[EventType "swiss"]
[EventRounds "9"]
[EventCountry "LBN"]
[SourceTitle "EXT 2010"]
[Source "ChessBase"]
[SourceDate "2010.11.25"]
[SourceVersion "1"]
[SourceVersionDate "2010.11.25"]
[SourceQuality "1"]

1. Nf3 Nf6 2. g3 g6 3. b3 Bg7 4. Bb2 0-0 5. Bg2 d6 6. d4 Nbd7 7. 0-0 e5 8. dxe5 Ng4 9. Qd2 Ndxe5 10. c4 a5 11. Nc3 a4 12. Rad1 axb3 13. axb3 Nxf3+ 14. Bxf3 Be6 15. Ra1 Qd7 16. Nd5 Ne5 17. Bg2 Rxa1 18. Rxa1 c6 19. Ne3 Qc7 20. Kh1 Re8 21. Rd1 Rd8 22. Bc3 f5 23. c5 d5 24. Ba5 Qe7 25. Bxd8 Qxd8 26. f4 Nd7 27. b4 Nf6 28. Nc2 Ne4 29. Bxe4 fxe4 30. Nd4 Bg4 31. Ra1 Bxe2 32. Ne6 Bf3+ 33. Kg1 Qe7 34. Ra8+ Kf7 35. Ng5+ Kf6 36. Ra3 Bg4 37. h3 1-0

[Event "GER ML-324 email"]
[Site "GER email"]
[Date "2008.02.04"]
[Round "?"]
[White "Brock, Friedemann"]
[Black "Garus, Edward"]
[Result "0-1"]
[WhiteElo "1640"]
[BlackElo "1736"]
[PlyCount "72"]
[EventDate "2008.??.??"]
[EventType "tourn (corr)"]
[EventRounds "6"]
[EventCountry "GER"]
[SourceTitle "Corr 2011"]
[Source "ChessBase"]
[SourceDate "2010.08.31"]
[SourceVersion "1"]
[SourceVersionDate "2010.08.31"]
[SourceQuality "1"]

1. d4 Nf6 2. c4 e6 3. Nf3 b6 4. g3 Ba6 5. b3 Bb4+ 6. Bd2 Be7 7. Bg2 c6 8. 0-0 d5 9. Ne5 Nbd7 10. Nxd7 Nxd7 11. Bc3 0-0 12. Nd2 Rc8 13. e4 b5 14. Re1 dxc4 15. bxc4 bxc4 16. Qa4 Bb5 17. Qc2 Re8 18. Bb2 Rb8 19. a4 Ba6 20. Bf1 Bb4 21. Bc3 e5 22. Red1 Qa5 23. Bxb4 Rxb4 24. Bxc4 exd4 25. Nb3 Qb6 26. Bxa6 Rxb3 27. a5 Qb8 28. Rxd4 Rb2 29. Qc3 Ne5 30. Kg2 Qb3 31. Qxb3 Rxb3 32. Rd2 g5 33. Be2 g4 34. h3 h5 35. hxg4 hxg4 36. Rh1 Rb4 0-1

[Event "Apolda op 16th"]
[Site "Apolda"]
[Date "2007.08.26"]
[Round "7"]
[White "Brock, Friedemann"]
[Black "Zwahr, Paul"]
[Result "1-0"]
[WhiteElo "2236"]
[BlackElo "2250"]
[PlyCount "95"]
[EventDate "2007.08.23"]
[EventType "swiss"]
[EventRounds "7"]
[EventCountry "GER"]
[SourceTitle "CBM 120 Extra"]
[Source "ChessBase"]
[SourceDate "2007.11.01"]
[SourceVersion "1"]
[SourceVersionDate "2007.11.01"]
[SourceQuality "1"]

1. d4 Nf6 2. c4 g6 3. Nc3 Bg7 4. e4 d6 5. Nf3 0-0 6. Be2 e5 7. 0-0 Nc6 8. d5 Ne7 9. Ne1 Ne8 10. Nd3 f5 11. Bd2 Kh8 12. Rc1 Ng8 13. f3 f4 14. c5 h5 15. Nb5 Bd7 16. a4 g5 17. Nf2 Nh6 18. Rc3 Rf6 19. h3 a6 20. Na3 dxc5 21. Nd3 Rg6 22. Nxc5 Bc8 23. Nc4 Qe7 24. b4 Nd6 25. Qc2 Nxc4 26. Rxc4 Bxh3 27. gxh3 g4 28. fxg4 hxg4 29. hxg4 Nxg4 30. Bxg4 Qh4 31. Rf2 Qxg4+ 32. Kf1 Qg1+ 33. Ke2 f3+ 34. Rxf3 Bh6 35. Nd3 Rf8 36. Rxf8+ Bxf8 37. Nf2 Rf6 38. Be1 Bh6 39. Rxc7 Qh2 40. Rc8+ Kg7 41. Rc7+ Kg6 42. Rc3 Qh5+ 43. Kd3 b5 44. axb5 axb5 45. Qb1 Rxf2 46. Bxf2 Qf3+ 47. Kc2 Qxe4+ 48. Kb2 1-0

[Event "Apolda op 16th"]
[Site "Apolda"]
[Date "2007.08.25"]
[Round "4"]
[White "Brock, Friedemann"]
[Black "Stiefel, Roland"]
[Result "1-0"]
[WhiteElo "2236"]
[BlackElo "2077"]
[PlyCount "105"]
[EventDate "2007.08.23"]
[EventType "swiss"]
[EventRounds "7"]
[EventCountry "GER"]
[SourceTitle "CBM 120 Extra"]
[Source "ChessBase"]
[SourceDate "2007.11.01"]
[SourceVersion "1"]
[SourceVersionDate "2007.11.01"]
[SourceQuality "1"]

1. d4 Nf6 2. c4 g6 3. Nc3 Bg7 4. e4 d6 5. Nf3 0-0 6. Be2 e5 7. 0-0 Nc6 8. d5 Ne7 9. Ne1 Ne8 10. Nd3 f5 11. Bd2 f4 12. Bg4 Nf6 13. Bxc8 Rxc8 14. Rc1 g5 15. f3 h5 16. Nf2 Rf7 17. b4 Bf8 18. c5 Qd7 19. Qa4 Qxa4 20. Nxa4 Ne8 21. b5 b6 22. cxb6 cxb6 23. Nb2 Rc5 24. a4 Nc8 25. Nfd3 Rxc1 26. Rxc1 Rc7 27. Nc4 Nf6 28. Nb4 g4 29. Kh1 h4 30. h3 gxh3 31. gxh3 Rg7 32. Be1 Nh5 33. Bxh4 Ng3+ 34. Bxg3 Rxg3 35. Rg1 Rxg1+ 36. Kxg1 Be7 37. Nc6 Kf7 38. Kf1 Ke8 39. Nb2 Bh4 40. Nd3 Kd7 41. Kg2 Kc7 42. Nf2 Kb7 43. Ng4 Bg5 44. h4 Bxh4 45. Kh3 Be1 46. Nf6 Kc7 47. Kg4 Bf2 48. Kf5 Bc5 49. Ke6 Kb7 50. Ne8 Ba3 51. Kd7 Bc5 52. Nc7 Ba3 53. Nd8+ 1-0

[Event "Leipzig VfB op 12th"]
[Site "Leipzig"]
[Date "2005.03.05"]
[Round "7"]
[White "Napierala, Dieter"]
[Black "Brock, Friedemann"]
[Result "1/2-1/2"]
[WhiteElo "2082"]
[BlackElo "2207"]
[PlyCount "29"]
[EventDate "2005.01.03"]
[EventType "swiss"]
[EventRounds "9"]
[EventCountry "GER"]
[SourceTitle "EXT 2008"]
[Source "ChessBase"]
[SourceDate "2007.11.25"]
[SourceVersion "1"]
[SourceVersionDate "2007.11.25"]
[SourceQuality "1"]

1. e4 c5 2. Nf3 d6 3. d4 cxd4 4. Nxd4 Nf6 5. Nc3 Nc6 6. Be2 g6 7. Be3 Bg7 8. 0-0 0-0 9. Qd2 Bd7 10. f3 a6 11. Rac1 b5 12. Nxc6 Bxc6 13. Nd5 Rb8 14. Bd4 e5 15. Nxf6+ 1/2-1/2

[Event "Jose Cabezas Memorial"]
[Site "Santiago de Chile"]
[Date "2004.10.09"]
[Round "3"]
[White "Amaro Tapia, Gino"]
[Black "Brock, Friedemann"]
[Result "0-1"]
[WhiteElo "2006"]
[BlackElo "2226"]
[PlyCount "98"]
[EventDate "2004.10.09"]
[EventType "swiss"]
[EventRounds "3"]
[EventCountry "CHI"]
[SourceTitle "CBM 103 Extra"]
[Source "ChessBase"]
[SourceDate "2005.01.01"]
[SourceVersion "1"]
[SourceVersionDate "2005.01.01"]
[SourceQuality "1"]

1. e4 c5 2. Nf3 d6 3. d4 cxd4 4. Nxd4 Nf6 5. Nc3 Nc6 6. Be3 Ng4 7. Qd2 Nxe3 8. Qxe3 g6 9. 0-0-0 Bg7 10. Nb3 0-0 11. h4 a5 12. a4 Be6 13. Nb5 Rc8 14. Kb1 Nb4 15. Rc1 Qd7 16. Be2 f5 17. Na3 f4 18. Qd2 Nxc2 19. Nxc2 Bxb3 20. Bb5 Qe6 21. Qd3 Ba2+ 22. Ka1 Bc4 23. Nd4 Bxd3 24. Nxe6 Bxb5 25. Nxf8 Rxc1+ 26. Rxc1 Bxa4 27. Ne6 Be5 28. Rc8+ Kf7 29. Ng5+ Kg7 30. Rc7 Bf6 31. Rxb7 Bc2 32. Rc7 Bb3 33. Nf3 h6 34. Nd2 Bd1 35. Nc4 a4 36. Nxd6 Bxh4 37. e5 h5 38. Ne4 Kf7 39. g3 Bf3 40. gxh4 Bxe4 41. Rc4 Bf5 42. Rxf4 Ke6 43. Rxa4 Kxe5 44. b3 Be4 45. Kb2 g5 46. Ra5+ Bd5 47. hxg5 h4 48. g6 h3 49. g7 h2 0-1

[Event "Santiago Mayor CALF"]
[Site "Santiago de Chile"]
[Date "2004.08.28"]
[Round "2.1"]
[White "Brock, Friedemann"]
[Black "Matamala, Emiliano"]
[Result "1-0"]
[WhiteElo "2249"]
[BlackElo "2038"]
[PlyCount "57"]
[EventDate "2004.08.29"]
[EventType "swiss"]
[EventRounds "9"]
[EventCountry "CHI"]
[SourceTitle "EXT 2005"]
[Source "ChessBase"]
[SourceDate "2004.11.15"]
[SourceVersion "1"]
[SourceVersionDate "2004.11.15"]
[SourceQuality "1"]

1. d4 f5 2. Bg5 h6 3. Bh4 g5 4. e4 Bg7 5. Bg3 f4 6. Bxf4 Nf6 7. Be5 0-0 8. Nc3 c6 9. h4 g4 10. Bxf6 Rxf6 11. e5 Rf8 12. Qxg4 d5 13. Qg3 Bf5 14. Bd3 Qd7 15. 0-0-0 b5 16. Nh3 b4 17. Ne2 a5 18. Nhf4 e6 19. Nh5 Kh7 20. Nxg7 Qxg7 21. Qxg7+ Kxg7 22. Bxf5 Rxf5 23. f4 Nd7 24. g4 Rf7 25. f5 Nf8 26. f6+ Kg6 27. Nf4+ Kh7 28. g5 a4 29. Rdg1 1-0

[Event "Santiago CC Chile"]
[Site "Santiago de Chile"]
[Date "2003.07.28"]
[Round "4.5"]
[White "Matamala, Emiliano"]
[Black "Brock, Friedemann"]
[Result "0-1"]
[WhiteElo "1901"]
[BlackElo "2213"]
[PlyCount "88"]
[EventDate "2003.07.21"]
[EventType "tourn"]
[EventRounds "11"]
[EventCountry "CHI"]
[SourceTitle "EXT 2004"]
[Source "ChessBase"]
[SourceDate "2003.11.25"]
[SourceVersion "1"]
[SourceVersionDate "2003.11.25"]
[SourceQuality "1"]

1. f4 g6 2. Nf3 Bg7 3. e3 d6 4. Be2 c5 5. 0-0 Nf6 6. Bb5+ Nbd7 7. Bxd7+ Bxd7 8. b3 Ne4 9. c3 d5 10. Ne5 Be6 11. d3 Nd6 12. Bb2 0-0 13. Nd2 Nf5 14. Qe1 d4 15. cxd4 cxd4 16. exd4 Nxd4 17. Qf2 Nc2 18. Rac1 Nb4 19. Qe3 Nxa2 20. Ra1 Nb4 21. Rxa7 Rxa7 22. Qxa7 Nxd3 23. Nxd3 Qxd3 24. Bxg7 Kxg7 25. Qa1+ Kg8 26. Qb2 Rd8 27. Nf3 Qxb3 28. Qe5 Qd5 29. Qe1 Qc5+ 30. Kh1 Bc4 31. Rg1 b5 32. Qh4 Kg7 33. Rc1 h6 34. h3 Rd3 35. Ne5 Rd4 36. Ng4 h5 37. Nh2 e5 38. Nf3 Rxf4 39. Qg3 Qd6 40. Qe1 e4 41. Qc3+ Qf6 42. Nd2 Qxc3 43. Rxc3 Bd3 44. Rb3 Rf2 0-1

[Event "CHI-ch "]
[Site "Santiago de Chile"]
[Date "2002.02.20"]
[Round "10"]
[White "Brock, Friedemann"]
[Black "Rios Escobar, Adan"]
[Result "0-1"]
[WhiteElo "2145"]
[BlackElo "2148"]
[PlyCount "143"]
[EventDate "2002.02.12"]
[EventType "swiss"]
[EventRounds "11"]
[EventCountry "CHI"]
[SourceTitle "CBM 086 Extra"]
[Source "ChessBase"]
[SourceDate "2002.03.14"]
[SourceVersion "1"]
[SourceVersionDate "2002.03.14"]
[SourceQuality "1"]

1. d4 d5 2. c4 c6 3. Nc3 Nf6 4. Nf3 e6 5. Bg5 Bb4 6. Qc2 Nbd7 7. cxd5 exd5 8. e3 Qa5 9. Bd3 h6 10. Bh4 0-0 11. 0-0 Re8 12. Nd2 Be7 13. a3 Qd8 14. b4 Nh5 15. Bxe7 Qxe7 16. b5 Nb6 17. Rfc1 Be6 18. bxc6 bxc6 19. Ne2 Rac8 20. Qc5 Nf6 21. Qxe7 Rxe7 22. Rc2 Na4 23. Rac1 Bd7 24. Nc3 Nxc3 25. Rxc3 Rb8 26. Rb3 Rxb3 27. Nxb3 Be8 28. Na5 Re6 29. Rb1 Kf8 30. Rb8 g6 31. Ra8 Re7 32. Nxc6 Rc7 33. Bb5 Kg7 34. Rxa7 Bxc6 35. Rxc7 Bxb5 36. Rb7 Be8 37. Ra7 Ne4 38. a4 Nc3 39. a5 Bb5 40. f3 Bc4 41. Rc7 Kf8 42. a6 Ne2+ 43. Kf2 Bxa6 44. Rc5 Bd3 45. Rxd5 Nc3 46. Rc5 Nb5 47. e4 Nd6 48. Ke3 Bf1 49. g3 Ke7 50. h4 Ne8 51. e5 Ke6 52. Kf4 Be2 53. d5+ Kd7 54. Ra5 Nc7 55. Ra7 Kd8 56. Ke3 Bc4 57. d6 Ne8 58. f4 h5 59. f5 gxf5 60. Kf4 f6 61. d7 fxe5+ 62. Kxe5 Nc7 63. Kxf5 Kxd7 64. Kg5 Be2 65. Ra2 Bg4 66. Ra7 Kd6 67. Ra4 Ne6+ 68. Kf6 Bh3 69. Ra6+ Kd5 70. Ra5+ Nc5 71. Kg5 Bg4 72. Rb5 0-1

[Event "CHI-ch "]
[Site "Santiago de Chile"]
[Date "2002.02.19"]
[Round "9"]
[White "Sanchez Alarcon, Juan"]
[Black "Brock, Friedemann"]
[Result "1/2-1/2"]
[WhiteElo "2248"]
[BlackElo "2145"]
[PlyCount "139"]
[EventDate "2002.02.12"]
[EventType "swiss"]
[EventRounds "11"]
[EventCountry "CHI"]
[SourceTitle "CBM 086 Extra"]
[Source "ChessBase"]
[SourceDate "2002.03.14"]
[SourceVersion "1"]
[SourceVersionDate "2002.03.14"]
[SourceQuality "1"]

1. e4 c5 2. Nf3 Nc6 3. d4 cxd4 4. Nxd4 e6 5. Nc3 d6 6. g3 Nf6 7. Bg2 Bd7 8. 0-0 Be7 9. Nde2 a6 10. a4 0-0 11. h3 Qc7 12. Be3 Rab8 13. g4 Bc8 14. Qd2 b5 15. axb5 axb5 16. Ng3 b4 17. Nce2 d5 18. g5 Nxe4 19. Nxe4 dxe4 20. Bxe4 Rd8 21. Qc1 e5 22. h4 Bh3 23. Re1 Nd4 24. Ng3 Rbc8 25. Ra6 Qd7 26. Bxd4 exd4 27. Qf4 Bd6 28. Rxd6 Qxd6 29. Qxd6 Rxd6 30. Bf5 Bxf5 31. Nxf5 Rdc6 32. Ne7+ Kf8 33. Nxc8 Rxc8 34. Re2 b3 35. cxb3 Rb8 36. Rd2 Rxb3 37. Rxd4 Rxb2 38. Rd8+ Ke7 39. Rh8 f6 40. Rxh7 Kf7 41. gxf6 Kxf6 42. Kg2 Rb3 43. Rh8 Kg6 44. f3 Ra3 45. Kg3 Ra4 46. Rb8 Kh6 47. Rb6+ Kh5 48. Rb5+ Kg6 49. Rg5+ Kf6 50. Rg4 Ra1 51. Rb4 Rh1 52. Kg4 g6 53. Rb7 Rg1+ 54. Kf4 Rh1 55. Rh7 Rxh4+ 56. Rxh4 g5+ 57. Kg4 gxh4 58. Kxh4 Kf5 59. Kg3 Kg5 60. Kf2 Kf4 61. Ke2 Kf5 62. Ke3 Ke5 63. f4+ Kf5 64. Kf3 Kf6 65. Kg4 Kg6 66. Kf3 Kf5 67. Kg3 Kf6 68. Kg4 Kg6 69. f5+ Kf6 70. Kf4 1/2-1/2

[Event "Leipzig VfB op 06th"]
[Site "Leipzig"]
[Date "1999.??.??"]
[Round "9"]
[White "Wagner, Bernd"]
[Black "Brock, Friedemann"]
[Result "1-0"]
[WhiteElo "2234"]
[BlackElo "2150"]
[PlyCount "65"]
[EventDate "1999.03.??"]
[EventType "swiss"]
[EventRounds "9"]
[EventCountry "GER"]
[SourceTitle "EXT 2008"]
[Source "ChessBase"]
[SourceDate "2007.11.25"]
[SourceVersion "1"]
[SourceVersionDate "2007.11.25"]
[SourceQuality "1"]

1. d4 Nf6 2. c4 e6 3. Nf3 Bb4+ 4. Bd2 Qe7 5. Qc2 Bxd2+ 6. Nbxd2 d6 7. e4 e5 8. d5 0-0 9. Be2 a5 10. Rb1 Bd7 11. a3 a4 12. c5 Ra5 13. cxd6 cxd6 14. b4 axb3 15. Qxb3 b5 16. Qc3 Ra4 17. Bxb5 Bxb5 18. Rxb5 Na6 19. Qb3 Rxe4+ 20. Nxe4 Nxe4 21. 0-0 Nac5 22. Qc2 Qa7 23. Ra1 Qa8 24. Qc4 Rc8 25. h3 f5 26. a4 Nxf2 27. Nxe5 Nfe4 28. Nc6 Rf8 29. a5 Qe8 30. Rb8 Qh5 31. Rxf8+ Kxf8 32. a6 Nd2 33. Qf4 1-0

[Event "Leipzig VfB op 05th"]
[Site "Leipzig"]
[Date "1998.??.??"]
[Round "4"]
[White "Bindrich, Oswald"]
[Black "Brock, Friedemann"]
[Result "1/2-1/2"]
[WhiteElo "2130"]
[BlackElo "2190"]
[PlyCount "71"]
[EventDate "1998.03.??"]
[EventType "swiss"]
[EventRounds "9"]
[EventCountry "GER"]
[SourceTitle "EXT 1999"]
[Source "ChessBase"]
[SourceDate "1998.11.16"]
[SourceVersion "1"]
[SourceVersionDate "1998.11.16"]
[SourceQuality "1"]

1. e4 g6 2. d4 Bg7 3. Nc3 d6 4. f4 c6 5. Be2 Qb6 6. Nf3 Bg4 7. Ng5 Bxe2 8. Nxe2 Nd7 9. 0-0 Ngf6 10. Qd3 h6 11. Nf3 d5 12. exd5 cxd5 13. f5 g5 14. Kh1 Ne4 15. Be3 Qc6 16. Nd2 Ndf6 17. c4 Nxd2 18. cxd5 Qxd5 19. Bxd2 Ne4 20. Nc3 Nxc3 21. Bxc3 0-0 22. Rae1 Rfe8 23. Qe4 Rad8 24. Qxd5 Rxd5 25. f6 Bf8 26. fxe7 Rxe7 27. g4 b5 28. a3 a6 29. h3 Kg7 30. Kg2 Kg6 31. Kf3 f5 32. Rxe7 Bxe7 33. Re1 Kf6 34. Re2 Bd6 35. Re8 a5 36. Bxa5 1/2-1/2